000 01057nam a22003257a 4500
003 CHAP
005 20220329140241.0
008 971013s1978 r 00010 d
010 _a49239
011 _a50211
035 _a54361
040 _cCHAP
090 _aFolleto 6240
100 0 0 _aRizzo, Horacio F.
_997825
245 _aAves útiles y aves perjudiciales para la agricultura
260 _aBuenos Aires :
_bHemisferio Sur,
_c1978
300 _a58 p.
_b: ilus.
490 _aColección ciencias agrícolas
_v; 15
590 _aBATCH-UPD
_b10
_c20130110
_lUCH01
_h0408
590 _aBATCH-UPD
_b10
_c20130110
_lUCH01
_h2312
590 _aBATCH-UPD
_b10
_c20130410
_lUCH01
_h0042
590 _aBATCH-UPD
_b10
_c20130410
_lUCH01
_h1603
590 _aBATCH-UPD
_b10
_c20130914
_lUCH01
_h1003
590 _aCONVERSION
_b10
_c20130109
_lUCH01
_h1327
650 1 4 _aOrnitología económica.
_983619
830 0 _aColección ciencias agrícolas
_v; 15
_924743
901 _aBK
942 _cFOLL
949 _aFolleto 6240
_bBC
_cFOLL
_d-119997
_eTS1
_i54361
_si
_t133.00
999 _c49239
_d49239